书目信息 |
| 题名: |
魔力速记英语8000词
|
|
| 作者: | 曹峰 编著 | |
| 分册: | ||
| 出版信息: | 长沙 湖南师范大学出版社 2005.4 |
|
| 页数: | 390页 | |
| 开本: | 21cm | |
| 丛书名: | ||
| 单 册: | ||
| 中图分类: | H313.1 | |
| 科图分类: | ||
| 主题词: | 词汇--ci hui , 记忆术--ji yi shu , 英语--ying yu--词汇--记忆术 | |
| 电子资源: | ||
| ISBN: | 7-81081-449-4 | |
| 000 | 01152nam0 2200325 450 | |
| 000 | 01179nam0 2200325 450 | |
| 000 | 01142nam0 2200313 450 | |
| 000 | 01125nam0 2200313 450 | |
| 000 | 01088nam0 2200301 450 | |
| 001 | CAL 012006008909 | |
| 005 | 20061027154042.07 | |
| 010 | @a7-81081-449-4@dCNY18.00 | |
| 099 | @aCAL 012006008909 | |
| 100 | @a20060825d2005 em y0chiy0120 ea | |
| 101 | 0 | @achi@aeng |
| 102 | @aCN@b430000 | |
| 105 | @aa z 001yy | |
| 200 | 1 | @a魔力速记英语8000词@Amo li su ji ying yu 8000 ci@d= Magical power - keeps English words firmly in your mind@f曹峰编著@zeng |
| 210 | @a长沙@c湖南师范大学出版社@d2005.4 | |
| 215 | @a390页@c图@d21cm | |
| 320 | @a有下篇单词索引 (第378-390页) | |
| 330 | @a本书革命性地创立了“魔力英语速记法”, 它能使读者在不经意间记住单词, 不会觉得费力或者感觉到是在工作, 而是觉得像是一种娱乐。 | |
| 510 | 1 | @aMagical power - keeps English words firmly in your mind@zeng |
| 606 | 0 | @a词汇@Aci hui |
| 606 | 0 | @a记忆术@Aji yi shu |
| 606 | 0 | @a英语@Aying yu@x词汇@x记忆术 |
| 690 | @aH313.1@v4 | |
| 701 | 0 | @a曹峰@Acao feng@4编著 |
| 801 | 0 | @aCN@c20061027 |
| 905 | @a10447@dH313.1@eC112 | |
| 魔力速记英语8000词= Magical power - keeps English words firmly in your mind/曹峰编著.-长沙:湖南师范大学出版社,2005.4 |
| 390页:图;21cm |
| ISBN 7-81081-449-4:CNY18.00 |
| 本书革命性地创立了“魔力英语速记法”, 它能使读者在不经意间记住单词, 不会觉得费力或者感觉到是在工作, 而是觉得像是一种娱乐。 |
| ● |
| 相关链接 |
|
|
|
正题名:魔力速记英语8000词
索取号:H313.1/C112
 
预约/预借
| 序号 | 登录号 | 条形码 | 馆藏地/架位号 | 状态 | 备注 |
| 1 | 631625 | 206316253 | 语言库209/209语言库 1排1列2层/ [索取号:H313.1/C112] | 在馆 | |
| 2 | 631626 | 206316262 | 语言库209/209语言库 31排5列6层/ [索取号:H313.1/C112] | 在馆 | |
| 3 | 631627 | 206316271 | 语言库209/209语言库 31排5列6层/ [索取号:H313.1/C112] | 在馆 |